000
00341pam a2200157a 44500
008
230515b2018 xxu||||| |||| 00| 0 eng d
020
_a
NULL
041
_a
ENGLISH
082
_a
610
100
_a
NULL
245
_a
TEXTBOOK OF COMMUNITY HEARTH NURSING -2
250
_a
2
260
_a
_b
C B S
_c
2018
300
_a
294
650
_a
NULL
999
_c
531926
_d
531926